Sistema de información web y móvil para la gestión de los procesos ejecución de entrega y liquidación de ruta para el área de operaciones y servicios de la compañía embotelladora nacional CBC

La presente investigación tiene como objetivo fundamental, el diseño y desarrollo de una aplicación móvil basado en sistema operativo Android y un sistema web, donde le permitirá al usuario final realizar configuraciones de catálogos, gestionar entregas, cargar bitácoras de inventario y poder...

Full description

Bibliographic Details
Main Authors: Chamorro Cabezas, Alberto Martín, Rivera Hernández, Oscar Danilo,, Rugama Hernández, Roberto Jesús
Other Authors: Tutor: Membreño Gudiel, Yasser Ronaldo
Format: Tesis Section = Libro
Language:Undetermined
Spanish
Published: Managua UNI 2023
Subjects:
LEADER 01719nam a2200289Ia 4500
008 240830s9999 xx 000 0 und d
040 |a BIBLIOTECA-RUPAP/ Mon 005.72 C448 
041 |a spa 
082 |a Mon 005.72 C448 
100 1 |a Chamorro Cabezas, Alberto Martín 
100 1 |b  Rivera Hernández, Oscar Danilo, 
100 1 |c  Rugama Hernández, Roberto Jesús 
245 1 0 |a Sistema de información web y móvil para la gestión de los procesos ejecución de entrega y liquidación de ruta para el área de operaciones y servicios de la compañía embotelladora nacional CBC 
260 |a Managua  |b UNI  |c 2023 
300 |a 106 p. :il. 
500 |a Contiene: anexos y CD. 
502 |a Tesis (Ingeniero de Sistemas) - UNI, 2023. 
520 3 |a La presente investigación tiene como objetivo fundamental, el diseño y desarrollo de una aplicación móvil basado en sistema operativo Android y un sistema web, donde le permitirá al usuario final realizar configuraciones de catálogos, gestionar entregas, cargar bitácoras de inventario y poder ser gestionadas desde ambas plataformas cada una con un fin en específico para el usuario, así mismo lograr cumplir una de los desafíos más grandes del área de operaciones y servicios que es el poder lograr automatizar cada una de las tareas que aún se seguían realizando de manera arcaico en el área de Operaciones y Servicios de la compañía embotelladora CBC. 
650 7 |a  PLATAFORMAS DIGITALES 
650 7 |b  AUTOMATIZACION 
650 7 |c  BASES DE DATOS 
650 7 |d  SOFTWARE 
650 7 |e  APLICACIÓN MOVIL 
700 1 |a Tutor:  |b Membreño Gudiel, Yasser Ronaldo 
942 |c BK  |2 ddc 
991 |a Tesis 
999 |c 27585